<?xml version="1.0" encoding="UTF-8"?>
<collection xmlns="http://www.loc.gov/MARC21/slim">
<record>
  <controlfield tag="001">257135</controlfield>
  <controlfield tag="005">20260411175253.0</controlfield>
  <datafield tag="035" ind1=" " ind2=" ">
    <subfield code="a">I:(DE-RON)26ss-54.12003</subfield>
  </datafield>
  <datafield tag="024" ind1="7" ind2=" ">
    <subfield code="a">I:(DE-RON)26ss-54.12003</subfield>
    <subfield code="2">I:(DE-RON)</subfield>
  </datafield>
  <datafield tag="110" ind1="1" ind2=" ">
    <subfield code="a">Einführung in die Angewandte Geophysik (Erstmaliges Angebot im SS 2026 / Nachfolgeveranstaltung für "Innovative geophysikalische Verfahren in Bergbauprojekten") (VU) [26ss-54.12003]</subfield>
  </datafield>
  <datafield tag="410" ind1="1" ind2=" ">
    <subfield code="a">26ss-54.12003</subfield>
    <subfield code="w">d</subfield>
  </datafield>
  <datafield tag="510" ind1="1" ind2=" ">
    <subfield code="0">I:(DE-RON)26ss</subfield>
    <subfield code="a">Sommersemester 2026</subfield>
    <subfield code="w">t</subfield>
  </datafield>
  <datafield tag="909" ind1="C" ind2="O">
    <subfield code="o">oai:reserves.ub.rwth-aachen.de:257135</subfield>
    <subfield code="p">authority:INSTITUTE</subfield>
    <subfield code="p">authority</subfield>
  </datafield>
  <datafield tag="980" ind1=" " ind2=" ">
    <subfield code="a">I</subfield>
  </datafield>
  <datafield tag="980" ind1=" " ind2=" ">
    <subfield code="a">AUTHORITY</subfield>
  </datafield>
</record>
</collection>